000 005160000a22001810004500
003 MACL
005 20160308134042.0
008 160308b xxu||||| |||| 00| 0 eng d
040 _aMACL
_cMACL
041 _aHindi
082 _a891.433
100 _aवाजपेयी भगवती प्रसाद
_943845
245 _aउतर-चढाव
260 _bगौतम बुक डिपो
_aनई दिल्‍ली
350 _a3
650 _aStories
_943846
942 _cHIN
_k891.433
_2ddc
999 _c23923
_d23923